000 01015cab a2200325 4500
001 WB3110-23
008 090401t1995 xxu||||| |||| 00| 0 eng d
035 _a(Sirsi) u22589
041 _aeng
245 _aBenchmarking databank
260 _c1995
350 _a0
490 _aEstates Gazette
_v(9509) 4 March 1995, 47(1)
520 _aInvestment Property Databank is planning to create a pan-European databank that will give international investors the first portfolio-based benchmark against which to assess the performance of their investments.
650 _aBENCHMARK SERVICE
650 _aCAPITAL VALUES
650 _aCASH-FLOW ANALYSIS
650 _aEUROPE
650 _aINVESTMENT PROPERTY DATABANK
650 _aINVESTMENT PROPERTY
650 _aIPD
650 _aPORTFOLIO PERFORMANCE
650 _aPROPERTY INDEXES
650 _aRENTS
650 _aVALUATIONS
650 _aYIELDS
690 _aPROPERTY-PROPERTY FINANCE AND INVESTMENT
942 _n0
948 _c04/03/1997
999 _c15137
_d15137